Islands - Sudden Death - Statistics

General Stats
  • This quiz has been taken 1,487 times
  • The average score is 8 of 18
Answers on the Grid
Answers color-coded by a green-red scale on the quiz's grid according to % correct below.
North
South
Panama
New Jersey
Rhode Island
Jersey
Thursday
Monday
United Kingdom
Ireland
Iceland
Greenland
Taipei
Mann
Cyprus
Northern Ireland
Tasmania
Borneo
Jakarta
Christmas
Easter
Skye
Puerto Rico
Lancre
Ankh Morpork
Elephant
Majorca
Portsea
Lesotho
Tashkent
 
Answer Stats
Answer % Correct
North
77%
South
75%
Ireland
62%
Iceland
60%
Greenland
55%
Cyprus
54%
Jersey
53%
Easter
50%
Puerto Rico
49%
Tasmania
49%
Borneo
47%
Majorca
46%
Christmas
45%
Skye
35%
Mann
25%
Elephant
14%
Thursday
14%
Portsea
9%
No matching quizzes found
Score Distribution
Percent of People with Each Score
Percentile by Number Answered
Your Score History
You have not taken this quiz